Ensaios em homenagem ao professor Jos ̌Roberto Vieira

Detalles Bibliográficos
Autor principal: Timm Do Valle, Mauricio Dalri
Otros Autores: Alves Valadô, Alexsander Roberto, Dallazem, Dalton Luiz
Formato: eBook
Lenguaje:portugués
Publicado: San Pablo: Editora Noeses, 2017
Materias:
Acceso en línea:Acceso restringido

MARC

LEADER 00000nam a22000007a 4500
005 20210515143016.0
007 cr|||| ||||
008 210515s2017 br |||||s|||| 00||0 por d
020 |a 978-85-8310-089-8 
035 |a 33356 
040 |a vLex 
090 |c 11683  |d 11683 
100 1 |a Timm Do Valle, Mauricio Dalri 
245 1 0 |a Ensaios em homenagem ao professor Jos ̌Roberto Vieira  |h [Recurso electrn̤ico] /  |c Mauricio Dalri Timm Do Valle, Alexsander Roberto Alves Valadô, Dalton Luiz Dallazem 
256 |a Servicio en ln̕ea 
260 |a San Pablo:  |b Editora Noeses,  |c 2017 
300 |a 1 recurso electrn̤ico 
500 |a A obra coletiva dedica-se a homenagear Jos ̌Roberto Vieira. Composta por artigos escritos por amigos, admiradores, alunos e discp̕ulos do Professor, que revelam o profundo impacto positivo que a influn̊cia do homenageado causou na vida daqueles que o cercam, e em cuja leitura percebemos a nota forte da emoȯ̂. Jos ̌Roberto Vieira ̌Professor de Direito Tributr̀io da Universidade Federal do Paran ̀– UFPR e do Instituto Brasileiro de Estudos Tributr̀ios – IBET (graduaȯ̂, especializaȯ̂, mestrado e doutorado); Mestre e Doutor em Direito do Estado – Direito Tributr̀io (PUC/SP); Estudos ps̤-graduados no Instituto de Estudios Fiscales (Madri, Espanha); Ex-membro julgador do Conselho de Contribuintes do Ministřio da Fazenda, atual CARF (Brasl̕ia, DF); Ex-Auditor da Receita Federal (Curitiba, PR); Parecerista. 
506 1 |a Disponible solo en los productos indicados  |d vLex Global  |d vLex Global (Academic Edition, excluding Law Schools)  |d vLex Global (U.S. Academic Edition, Law Schools)  |d vLex Global (U.S. Academic Edition, excluding Law Schools)  |d vLex Global (Academic Edition, Law Schools) 
650 0 4 |a Derecho Tributario  |z Brasil 
700 1 |a Alves Valadô, Alexsander Roberto 
700 1 |a Dallazem, Dalton Luiz 
740 0 |a vLex Libros (Servicio en ln̕ea) 
856 4 0 |u https://vlex.com/source/ensaios-em-homenagem-ao-professor-jose-roberto-vieira-33356  |z Acceso restringido 
942 |c BOOK 
999 0 |a Tax Law